[Event "Campeonato Brasileiro Amador 2015"]
[Site "Esporte Clube Pinheiros, São P"]
[Date "2015.05.01"]
[Round "3.78"]
[White "Nobre, Jailson Altair Barbo"]
[Black "Schultz, Rauanda"]
[Result "1-0"]
[WhiteElo "1758"]
[BlackElo "1540"]
[PlyCount "73"]
[EventDate "2015.04.30"]

1. c4 c5 2. Nc3 g6 3. g3 Bg7 4. Bg2 e6 5. Nf3 Nc6 6. O-O Nge7 7. a3 O-O 8. Rb1
a5 9. Ne1 d5 10. cxd5 exd5 11. d3 Be6 12. Bf4 Ne5 13. Nc2 Qd7 14. Re1 b5 15. b4
Rfc8 16. bxa5 b4 17. axb4 cxb4 18. Na2 b3 19. Rxb3 Rxa5 20. Nab4 Bh3 21. Qd2
Rac5 22. Bxe5 Bxe5 23. d4 Bf4 24. Qxf4 Rxc2 25. Nxc2 Rxc2 26. Qh6 Bg4 27. Rb8+
Nc8 28. Rc1 Qc7 29. Rxc2 Qxc2 30. Bxd5 Bxe2 31. Bxf7+ Kxf7 32. Qxh7+ Ke8 33.
Qg8+ Kd7 34. Rb7+ Kd6 35. Qd8+ Ke6 36. Qe8+ Kf5 37. Qe5+ 1-0

[Event "Campeonato Brasileiro Amador 2015"]
[Site "Esporte Clube Pinheiros, São P"]
[Date "2015.05.01"]
[Round "3.79"]
[White "Sousa, Felipe Mazim De"]
[Black "Santos, Marcos Correia"]
[Result "1-0"]
[WhiteElo "1747"]
[BlackElo "1531"]
[PlyCount "59"]
[EventDate "2015.04.30"]

1. d4 e6 2. c4 f5 3. Nc3 Nf6 4. g3 Bb4 5. a3 Bxc3+ 6. bxc3 O-O 7. Bg2 d6 8. Nf3
Qe8 9. Qb3 Qh5 10. a4 a5 11. Ba3 Ne4 12. O-O g5 13. Rad1 Nd7 14. c5 Ndf6 15.
cxd6 cxd6 16. Nd2 Ng4 17. h3 Ngxf2 18. Rxf2 Nxf2 19. Kxf2 f4 20. Bxd6 fxg3+ 21.
Kxg3 Qh4+ 22. Kh2 Rf2 23. Bg3 Rxg2+ 24. Kxg2 Qh5 25. Nf3 g4 26. hxg4 Qxg4 27.
Qb5 h6 28. Qe8+ Kg7 29. Kf2 Kf6 30. Qf8+ 1-0

[Event "Campeonato Brasileiro Amador 2015"]
[Site "Esporte Clube Pinheiros, São P"]
[Date "2015.05.01"]
[Round "3.80"]
[White "Mesquita, Arnaldo Leite"]
[Black "Ivanovic, Sebastian"]
[Result "1/2-1/2"]
[WhiteElo "1730"]
[BlackElo "1424"]
[PlyCount "71"]
[EventDate "2015.04.30"]

1. Nf3 Nf6 2. c4 g6 3. d4 Bg7 4. Nc3 O-O 5. e4 d6 6. h3 Nbd7 7. Be3 e5 8. dxe5
Nxe5 9. Nxe5 dxe5 10. Be2 b6 11. O-O Bb7 12. f3 Nh5 13. Qxd8 Raxd8 14. Rfd1 Ng3
15. Kf2 Nxe2 16. Kxe2 Bc6 17. Nd5 Rd7 18. Nb4 Rxd1 19. Rxd1 Bb7 20. Rd7 Rc8 21.
Nd5 Bxd5 22. Rxd5 Kf8 23. c5 Ke7 24. Kd3 Bf6 25. Kc4 c6 26. Rd3 b5+ 27. Kb4 Bh4
28. Rd1 Rd8 29. Rxd8 Kxd8 30. Ka5 Kc7 31. Ka6 Kb8 32. b4 Be1 33. Ka5 Kb7 34.
Bg5 h5 35. Bf6 Bg3 36. Bg7 1/2-1/2

[Event "Campeonato Brasileiro Amador 2015"]
[Site "Esporte Clube Pinheiros, São P"]
[Date "2015.05.01"]
[Round "3.90"]
[White "Schwertner, Joao Victor Moreir"]
[Black "Sato, Claudio Takeshi"]
[Result "1-0"]
[WhiteElo "1771"]
[BlackElo "1473"]
[PlyCount "89"]
[EventDate "2015.04.30"]

1. e4 e6 2. d4 d5 3. exd5 exd5 4. Nf3 Nf6 5. Bd3 Be7 6. O-O Bg4 7. h3 Bh5 8.
Re1 Nc6 9. Bb5 O-O 10. Bxc6 bxc6 11. Nbd2 Bd6 12. b3 Qd7 13. Bb2 Rfe8 14. Rxe8+
Rxe8 15. Qf1 Bg6 16. c4 Ne4 17. Nxe4 Bxe4 18. Nd2 Bf5 19. c5 Bf4 20. Nf3 Re6
21. Re1 Rg6 22. Nh4 Rf6 23. Nxf5 Rxf5 24. Qa6 h5 25. Qxa7 Rg5 26. Qa8+ Kh7 27.
Kh1 Qf5 28. Qe8 Qg6 29. Rg1 Qc2 30. Qxf7 Qxf2 31. Bc1 Qxa2 32. Bxf4 Rg6 33. Qf5
Qe2 34. Bxc7 Kh6 35. Qf4+ Kh7 36. Qf3 Qc2 37. Qxh5+ Rh6 38. Qf3 Rf6 39. Qe3 Qg6
40. Bd6 Rf7 41. Qe8 Qf5 42. Qxc6 Rf6 43. b4 Qe4 44. Qd7 Rh6 45. Be5 1-0

[Event "Campeonato Brasileiro Amador 2015"]
[Site "Esporte Clube Pinheiros, São P"]
[Date "2015.05.01"]
[Round "3.91"]
[White "Felix, Luiza De Oliveira"]
[Black "Arduini, Leonardo Adolfo"]
[Result "0-1"]
[WhiteElo "1464"]
[BlackElo "1716"]
[PlyCount "48"]
[EventDate "2015.04.30"]

1. e4 e5 2. Nf3 Nc6 3. Bc4 Nf6 4. d3 h6 5. c3 Be7 6. O-O a6 7. Bb3 Na5 8. Bc2
O-O 9. Nxe5 d6 10. Nf3 c5 11. h3 Nc6 12. Be3 b5 13. Nbd2 Bb7 14. Re1 Re8 15.
Nf1 Qc7 16. Ng3 d5 17. Qd2 Ne5 18. Nxe5 Qxe5 19. Nf5 dxe4 20. Nxe7+ Rxe7 21. f4
Qf5 22. Qf2 exd3 23. g4 Qd5 24. Rad1 Qh1# 0-1

[Event "Campeonato Brasileiro Amador 2015"]
[Site "Esporte Clube Pinheiros, São P"]
[Date "2015.05.01"]
[Round "3.92"]
[White "Sato, Leticia Miho"]
[Black "Pimenta, Breno Andrade"]
[Result "1-0"]
[WhiteElo "1403"]
[BlackElo "1686"]
[PlyCount "47"]
[EventDate "2015.04.30"]

1. d4 Nf6 2. Nf3 g6 3. Bf4 Bg7 4. e3 d5 5. h3 O-O 6. c4 c6 7. Bd3 dxc4 8. Bxc4
Qb6 9. Qb3 Nbd7 10. Nbd2 Qxb3 11. Bxb3 Nb6 12. a3 Bf5 13. O-O Rac8 14. Rac1 Bd3
15. Rfe1 Rfd8 16. Ne5 Ba6 17. Nxf7 Re8 18. Nd6+ e6 19. Nxc8 Nxc8 20. Be5 Kf7
21. Bxf6 Bxf6 22. Ne4 Be7 23. Red1 Bf8 24. Ng5+ 1-0

[Event "Campeonato Brasileiro Amador 2015"]
[Site "Esporte Clube Pinheiros, São P"]
[Date "2015.05.01"]
[Round "3.93"]
[White "Ferreira, Renato Luis Bueloni"]
[Black "Federzoni, Enzo"]
[Result "0-1"]
[WhiteElo "1371"]
[BlackElo "1677"]
[PlyCount "120"]
[EventDate "2015.04.30"]

1. e4 c5 2. Nf3 e6 3. d4 cxd4 4. Nxd4 Nf6 5. Nc3 d6 6. f3 Be7 7. Be3 a6 8. Qd2
Nc6 9. O-O-O Qc7 10. h4 b5 11. g4 Bb7 12. Bg5 Rc8 13. Kb1 h6 14. Bxf6 Bxf6 15.
Nb3 Ke7 16. Bg2 Ne5 17. g5 Nc4 18. Qd3 Bxc3 19. bxc3 h5 20. Bh3 Rhd8 21. Qd4
Kf8 22. Rhg1 d5 23. e5 Nxe5 24. Rgf1 Qxc3 25. Qxc3 Rxc3 26. Bg2 Rdc8 27. Nd4 g6
28. Rf2 Nc4 29. Rc1 b4 30. Nb3 a5 31. Bf1 a4 32. Bxc4 dxc4 33. Na5 Rxf3 34.
Rxf3 Bxf3 35. c3 b3 36. axb3 axb3 37. Kb2 Bd5 38. Ra1 Ra8 39. Ra3 Re8 40. Ra1
Ke7 41. Re1 f5 42. gxf6+ Kxf6 43. Rf1+ Kg7 44. Re1 Rf8 45. Nc6 Bxc6 46. Rxe6
Rf2+ 47. Ka3 Ra2+ 48. Kb4 b2 49. Re7+ Kf6 50. Re1 Ra1 51. Rxa1 bxa1=Q 52. Kxc4
Qa4+ 53. Kd3 Bb5+ 54. Kd2 Qxh4 55. Kc2 Bc4 56. Kb2 Qg3 57. Kc2 Qf2+ 58. Kc1 Bb3
59. Kb1 Qc2+ 60. Ka1 Qa2# 0-1

[Event "Campeonato Brasileiro Amador 2015"]
[Site "Esporte Clube Pinheiros, SÃ£o P"]
[Date "2015.05.01"]
[Round "3.94"]
[White "Ferreira, Ana Luiza Cassoni Bu"]
[Black "Resende, Lucas B. Massucato"]
[Result "0-1"]
[WhiteElo "1218"]
[BlackElo "1675"]
[PlyCount "92"]
[EventDate "2015.04.30"]

1. e4 e6 2. d4 d5 3. e5 c5 4. c3 Qb6 5. Nf3 Nc6 6. Be2 Nge7 7. O-O Nf5 8. b3
Bd7 9. Na3 cxd4 10. cxd4 Nfxd4 11. Nc2 Nxf3+ 12. Bxf3 Nxe5 13. Bb2 Bd6 14. Re1
Nxf3+ 15. Qxf3 O-O 16. Qc3 f6 17. Rad1 Be5 18. Nd4 Rac8 19. Qd2 Rc7 20. Bc3 Qa6
21. Qb2 Rfc8 22. Rc1 Bxd4 23. Bxd4 Rxc1 24. Rxc1 Rxc1+ 25. Qxc1 Qc6 26. Qxc6
Bxc6 27. Bxa7 Bb5 28. f4 Kf7 29. Kf2 Kg6 30. Ke3 Kf5 31. Bd4 Bf1 32. Kf3 h5 33.
g3 Bd3 34. a3 Be4+ 35. Kf2 e5 36. fxe5 fxe5 37. Bb2 d4 38. b4 Kg4 39. h4 Bc6
40. Bc1 e4 41. Bf4 e3+ 42. Ke2 Bb5+ 43. Ke1 Kf3 44. Be5 d3 45. Bxg7 d2+ 46. Kd1
Ba4# 0-1

[Event "Campeonato Brasileiro Amador 2015"]
[Site "Esporte Clube Pinheiros, SÃ£o P"]
[Date "2015.05.01"]
[Round "3.95"]
[White "Carneiro, Jose Gildivan"]
[Black "Hoshino, Meilin"]
[Result "1/2-1/2"]
[WhiteElo "1664"]
[BlackElo "1361"]
[PlyCount "117"]
[EventDate "2015.04.30"]

1. Nf3 c6 2. g3 d5 3. Bg2 Bf5 4. d4 e6 5. Nbd2 Nd7 6. Nh4 Bg6 7. Nxg6 hxg6 8.
c4 Qc7 9. Qc2 Ngf6 10. e4 Bd6 11. e5 Bxe5 12. dxe5 Qxe5+ 13. Kf1 O-O 14. Nf3
Qd6 15. Ke2 d4 16. Rd1 e5 17. Kf1 Rfe8 18. Qe2 Qc5 19. Ng5 Nb6 20. b3 Rad8 21.
Ne4 Qe7 22. a4 Nxe4 23. Bxe4 a5 24. h4 Nd7 25. h5 gxh5 26. Qxh5 Nf6 27. Qf5
Nxe4 28. Qxe4 Qf6 29. Kg2 Rd6 30. Ba3 Rde6 31. Rh1 Qg6 32. Qh4 Qh6 33. Qxh6
Rxh6 34. Rxh6 gxh6 35. Rh1 Kg7 36. Bc1 Re6 37. Rh5 c5 38. Bxh6+ Rxh6 39. Rxe5
b6 40. Kf3 Rf6+ 41. Ke2 Re6 42. f4 Rxe5+ 43. fxe5 f5 44. exf6+ Kxf6 45. Kf3 Kg5
46. g4 Kg6 47. Kf4 Kf6 48. g5+ Kg6 49. Kg4 Kg7 50. Kf4 Kg6 51. Kg4 d3 52. Kf3
Kxg5 53. Ke3 d2 54. Kxd2 Kf4 55. Kd3 Ke5 56. Ke3 Kf5 57. Kf3 Ke5 58. Ke3 Kf5
59. Kf3 1/2-1/2

[Event "Campeonato Brasileiro Amador 2015"]
[Site "Esporte Clube Pinheiros, SÃ£o P"]
[Date "2015.05.01"]
[Round "3.98"]
[White "Pereira, Daniele Costa"]
[Black "Sato, Luiz Henrique Yuzo T"]
[Result "1-0"]
[WhiteElo "1582"]
[BlackElo "1240"]
[PlyCount "125"]
[EventDate "2015.04.30"]

1. d4 Nf6 2. Nf3 d5 3. Bf4 Nc6 4. e3 Bf5 5. Bd3 Bxd3 6. Qxd3 e6 7. c3 Bd6 8.
Bg5 h6 9. Bh4 O-O 10. Nbd2 Qe7 11. e4 Bf4 12. e5 Bxd2+ 13. Nxd2 g5 14. exf6
Qxf6 15. Bg3 Rfe8 16. O-O e5 17. dxe5 Nxe5 18. Bxe5 Rxe5 19. Nf3 Rf5 20. Qd4
Qxd4 21. Nxd4 Re5 22. Rfe1 Rae8 23. Kf1 Kg7 24. Rxe5 Rxe5 25. Re1 Kf6 26. Rxe5
Kxe5 27. Ke2 c5 28. Nf3+ Ke4 29. Nd2+ Ke5 30. Ke3 g4 31. f3 f5 32. f4+ Ke6 33.
Nb3 b6 34. Nc1 h5 35. Nd3 a6 36. b4 d4+ 37. cxd4 c4 38. Ne5 Kd5 39. g3 c3 40.
Kd3 c2 41. Kxc2 Kxd4 42. Nd7 Kc4 43. Nxb6+ Kxb4 44. Nd7 Kc4 45. Nf6 Kd4 46.
Nxh5 Ke3 47. Ng7 Ke4 48. Kc3 Kf3 49. Nxf5 Kg2 50. Nh6 Kxh2 51. Nxg4+ Kxg3 52.
f5 Kxg4 53. f6 Kg5 54. f7 Kg6 55. f8=Q Kg5 56. Qf7 Kg4 57. Qf6 Kg3 58. Kd3 Kg2
59. Qf4 Kg1 60. Qd2 Kh1 61. Ke3 Kg1 62. Kf3 Kh1 63. Qg2# 1-0

[Event "Campeonato Brasileiro Amador 2015"]
[Site "Esporte Clube Pinheiros, SÃ£o P"]
[Date "2015.05.02"]
[Round "4.1"]
[White "Pereira, Geanfrancesco"]
[Black "Rodrigues, Leonardo De Miranda"]
[Result "0-1"]
[WhiteElo "2014"]
[BlackElo "2111"]
[PlyCount "76"]
[EventDate "2015.04.30"]

1. e4 e6 2. d3 d5 3. Nd2 Nf6 4. Ngf3 c5 5. g3 Nc6 6. Bg2 Be7 7. O-O dxe4 8.
dxe4 e5 9. Nc4 Qc7 10. Nfd2 Bg4 11. f3 Be6 12. c3 Rd8 13. Qe2 b5 14. Ne3 Qb6
15. c4 Nd4 16. Qf2 a6 17. b3 O-O 18. Bb2 Qa5 19. Rfd1 Ne8 20. f4 exf4 21. gxf4
Bh4 22. Qxh4 Ne2+ 23. Kh1 Rxd2 24. Bxg7 Nxg7 25. f5 Rfd8 26. Rxd2 Rxd2 27. f6
Ne8 28. Qg5+ Kh8 29. Qh6 Kg8 30. Qg5+ Kh8 31. Qh6 Kg8 32. e5 Qc3 33. Qg5+ Kh8
34. Nf1 Rd4 35. Qh6 Rg4 36. Rd1 Qxe5 37. Rd8 Bf5 38. Qe3 Be4 0-1

[Event "Campeonato Brasileiro Amador 2015"]
[Site "Esporte Clube Pinheiros, SÃ£o P"]
[Date "2015.05.02"]
[Round "4.2"]
[White "Siqueira Gomes, Gustavo"]
[Black "Desideri, Ricardo Maruchi"]
[Result "1/2-1/2"]
[WhiteElo "2045"]
[BlackElo "1965"]
[PlyCount "103"]
[EventDate "2015.04.30"]

1. d4 Nf6 2. c4 c5 3. Nf3 cxd4 4. Nxd4 Nc6 5. Nc3 g6 6. g3 Bg7 7. Bg2 O-O 8.
O-O a6 9. Rb1 Nxd4 10. Qxd4 d6 11. Qd3 Nd7 12. e4 Ne5 13. Qe2 Bd7 14. Bd2 Rc8
15. b3 Rb8 16. a4 Qe8 17. a5 b5 18. axb6 Rxb6 19. Nd5 Rb7 20. Bc3 e6 21. Ne3
Qb8 22. Qc2 Bc6 23. Rfe1 h5 24. h3 h4 25. f4 Nd7 26. Bxg7 Kxg7 27. Qc3+ e5 28.
Nd5 Bxd5 29. exd5 hxg3 30. fxe5 Nxe5 31. Rxe5 dxe5 32. d6 Qa7+ 33. c5 Rb5 34.
Qxe5+ f6 35. Qe7+ Qxe7 36. dxe7 Re8 37. Bc6 Rxe7 38. Bxb5 axb5 39. Kg2 Re2+ 40.
Kxg3 Rc2 41. b4 Rc4 42. Ra1 Rxb4 43. Rc1 Rb3+ 44. Kg2 Re3 45. Rb1 Rc3 46. Rxb5
g5 47. Kh2 Kg6 48. Kg2 f5 49. Rb6+ Kh5 50. Rc6 Rc2+ 51. Kf3 Rc3+ 52. Kg2
1/2-1/2

[Event "Campeonato Brasileiro Amador 2015"]
[Site "Esporte Clube Pinheiros, SÃ£o P"]
[Date "2015.05.02"]
[Round "4.3"]
[White "Peixoto, Helio Ricardo Soutin"]
[Black "Fonseca, Luis Ernesto Serra A"]
[Result "0-1"]
[WhiteElo "1943"]
[BlackElo "2038"]
[PlyCount "70"]
[EventDate "2015.04.30"]

1. e4 Nf6 2. Qe2 e5 3. Nf3 Nc6 4. g3 d5 5. d3 Bc5 6. Bg2 Bg4 7. exd5 Nxd5 8.
O-O O-O 9. Be3 Nxe3 10. fxe3 f5 11. d4 Bb6 12. Qc4+ Kh8 13. Nxe5 Nxe5 14. dxe5
Bxe3+ 15. Kh1 Bd4 16. Nc3 Bxe5 17. Rae1 Bxc3 18. Qxc3 c6 19. Qb4 Rf7 20. Re5
Qf8 21. Qf4 Re8 22. h3 Rxe5 23. Qxe5 Bh5 24. Rf4 Bg6 25. Bf1 Qd8 26. Bd3 h6 27.
g4 Re7 28. Rd4 Qe8 29. Qd6 Re1+ 30. Kg2 Qe3 31. Bf1 fxg4 32. Qf8+ Kh7 33. Rxg4
Be4+ 34. Kh2 Qd2+ 35. Kg3 Re3+ 0-1

[Event "Campeonato Brasileiro Amador 2015"]
[Site "Esporte Clube Pinheiros, SÃ£o P"]
[Date "2015.05.02"]
[Round "4.4"]
[White "Abdalla, Jose Lucas Aurelli"]
[Black "Rodrigo Da Silva, Edson"]
[Result "1-0"]
[WhiteElo "2096"]
[BlackElo "1963"]
[PlyCount "115"]
[EventDate "2015.04.30"]

1. e4 g6 2. d4 Bg7 3. f4 d6 4. Be2 Nf6 5. Nc3 c6 6. Bf3 O-O 7. g4 Nfd7 8. Be3
a6 9. h4 Qa5 10. Qd2 Nb6 11. Qd3 d5 12. e5 Nc4 13. Bc1 Qc7 14. h5 Rd8 15. b3
Nb6 16. Ba3 e6 17. g5 N6d7 18. Bd6 Qa5 19. b4 Qb6 20. Be2 Nf8 21. Bc5 Qc7 22.
Na4 b5 23. Nb6 Bb7 24. Nxa8 Bxa8 25. h6 Bh8 26. a4 Nbd7 27. axb5 Nxc5 28. bxc5
axb5 29. Qc3 Nd7 30. Qa5 Qc8 31. Rh3 Bb7 32. Rha3 Kf8 33. Nh3 Ke8 34. Nf2 Nb8
35. Nd3 Na6 36. Qb6 Nb8 37. Ra7 Rd7 38. Nc1 Rc7 39. Nb3 Nd7 40. Qa5 Qb8 41. Nc1
Qc8 42. Nd3 Nb8 43. Nb4 Kf8 44. Kd2 Kg8 45. Na6 Nxa6 46. Rxa6 Bxa6 47. Qxa6 Qe8
48. Qb6 Rc8 49. Ra7 Ra8 50. Rxa8 Qxa8 51. Bxb5 cxb5 52. c6 Bg7 53. hxg7 Kxg7
54. c7 Qf8 55. Qd6 Qa8 56. Qd8 Qa5+ 57. Ke2 Qc3 58. c8=Q 1-0

[Event "Campeonato Brasileiro Amador 2015"]
[Site "Esporte Clube Pinheiros, SÃ£o P"]
[Date "2015.05.02"]
[Round "4.5"]
[White "Benitez, Ed Carlos Leite Luqu"]
[Black "Campos, Igor Ribeiro"]
[Result "0-1"]
[WhiteElo "1974"]
[BlackElo "2182"]
[PlyCount "60"]
[EventDate "2015.04.30"]

1. d4 Nf6 2. c4 g6 3. Nc3 Bg7 4. e4 d6 5. f3 O-O 6. Be3 a6 7. Bd3 c5 8. d5 Nbd7
9. Nge2 Ne5 10. O-O Qa5 11. h3 b5 12. cxb5 axb5 13. f4 Nxd3 14. Qxd3 b4 15. e5
Ba6 16. Qc2 bxc3 17. exf6 Bxf6 18. bxc3 Rfb8 19. Rfb1 Bxe2 20. Rxb8+ Rxb8 21.
Qxe2 Bxc3 22. Rf1 Rb2 23. Qf3 Qxa2 24. f5 Bf6 25. fxg6 hxg6 26. Bg5 c4 27. Bxf6
exf6 28. Kh1 Rb1 29. Qxf6 Rxf1+ 30. Qxf1 c3 0-1

[Event "Campeonato Brasileiro Amador 2015"]
[Site "Esporte Clube Pinheiros, SÃ£o P"]
[Date "2015.05.02"]
[Round "4.6"]
[White "Abrantes, Tiago Garrido"]
[Black "Da Silva Junior, Sediney Mari"]
[Result "0-1"]
[WhiteElo "2173"]
[BlackElo "1970"]
[PlyCount "48"]
[EventDate "2015.04.30"]

1. d4 f5 2. g3 Nf6 3. Bg2 d6 4. Nf3 c6 5. c4 Qc7 6. Nc3 e5 7. dxe5 dxe5 8. e4
Be7 9. O-O O-O 10. Qe2 f4 11. gxf4 exf4 12. e5 Ng4 13. h3 Nh6 14. Ne4 Nd7 15.
e6 Ne5 16. Nfg5 Ng6 17. Bd2 Bxg5 18. Nxg5 Qe7 19. Ne4 Qxe6 20. Rfe1 Qf5 21. Nd6
Qg5 22. Ne4 Qh4 23. Qd3 f3 24. Bxf3 Ne5 0-1

[Event "Campeonato Brasileiro Amador 2015"]
[Site "Esporte Clube Pinheiros, SÃ£o P"]
[Date "2015.05.02"]
[Round "4.7"]
[White "Roverso, Leandro"]
[Black "Nery Junior, Jose Antonio"]
[Result "0-1"]
[WhiteElo "1945"]
[BlackElo "2151"]
[PlyCount "68"]
[EventDate "2015.04.30"]

1. d4 Nf6 2. Nf3 e6 3. c4 c5 4. d5 exd5 5. cxd5 d6 6. Nc3 g6 7. g3 Bg7 8. Bg2
O-O 9. O-O Na6 10. Nd2 Nc7 11. Nc4 Nh5 12. a4 b6 13. e4 Ba6 14. Qb3 Qd7 15. Re1
Bxc4 16. Qxc4 a6 17. Qd3 b5 18. Bf3 b4 19. Ne2 Nf6 20. Bf4 Rfe8 21. Rad1 Rad8
22. b3 Ng4 23. Bxd6 Nxf2 24. Kxf2 Qxd6 25. Rc1 Ne6 26. Qc4 Ng5 27. Qxc5 Qf6 28.
Ng1 Nxe4+ 29. Rxe4 Rxe4 30. Kg2 Rd4 31. Rc4 Rd2+ 32. Kh1 Qb2 33. Rh4 Bd4 34.
Qe7 Bf6 0-1

[Event "Campeonato Brasileiro Amador 2015"]
[Site "Esporte Clube Pinheiros, SÃ£o P"]
[Date "2015.05.02"]
[Round "4.9"]
[White "Leon Lopes, Sergio Amadeus"]
[Black "Coutinho, Sidnei Bissacot"]
[Result "0-1"]
[WhiteElo "1967"]
[BlackElo "2078"]
[PlyCount "112"]
[EventDate "2015.04.30"]

1. c4 e5 2. Nc3 Nf6 3. g3 Be7 4. Bg2 O-O 5. Nf3 d6 6. O-O c6 7. b3 Bg4 8. h3
Bf5 9. d4 e4 10. Ne1 d5 11. Nc2 Na6 12. Be3 h5 13. f3 Bd6 14. Bf2 Qb8 15. f4
Qc8 16. Kh2 h4 17. e3 Nb4 18. c5 hxg3+ 19. Bxg3 Nxc2 20. Qxc2 Be7 21. Qe2 g6
22. Nd1 Kg7 23. Nf2 Rh8 24. Kg1 Qd7 25. Rfc1 Rh7 26. Kf1 Rah8 27. Ke1 Nh5 28.
Bh2 Bh4 29. Kd2 Bxf2 30. Qxf2 Bxh3 31. Bxh3 Qxh3 32. f5 g5 33. f6+ Kg6 34. Rf1
Qf3 35. Qg1 Qh3 36. Qf2 Nf4 37. Bxf4 gxf4 38. Qxf4 Qh2+ 39. Kc3 Qxf4 40. Rxf4
Rh1 41. Raf1 Rxf1 42. Rxf1 Rh3 43. Re1 Kxf6 44. Re2 Kf5 45. Rf2+ Rf3 46. Re2
Kg4 47. b4 f5 48. a4 f4 49. Kd2 Rxe3 50. Rxe3 fxe3+ 51. Ke1 a6 52. Ke2 Kf4 53.
a5 Kg3 54. Kxe3 Kg4 55. Ke2 Kf4 56. Kf2 e3+ 0-1

[Event "Campeonato Brasileiro Amador 2015"]
[Site "Esporte Clube Pinheiros, SÃ£o P"]
[Date "2015.05.02"]
[Round "4.10"]
[White "Pinto, Rendrex Lopes"]
[Black "Das Chagas, David Ferreira"]
[Result "1-0"]
[WhiteElo "2072"]
[BlackElo "1940"]
[PlyCount "89"]
[EventDate "2015.04.30"]

1. Nf3 Nf6 2. g3 e6 3. Bg2 Be7 4. O-O O-O 5. c4 d5 6. b3 c6 7. Bb2 Nbd7 8. d3
a5 9. Nc3 Re8 10. Rc1 Nf8 11. Qc2 Ng6 12. e4 d4 13. Na4 c5 14. e5 Ng4 15. Rce1
Qc7 16. Qe2 Bd7 17. Nxd4 N4xe5 18. Nb5 Bxb5 19. cxb5 Nd7 20. d4 cxd4 21. Bxd4
Rad8 22. Rc1 Qb8 23. Rfd1 Bf6 24. Be3 Ne7 25. Nb2 Nf5 26. Nc4 Nxe3 27. Qxe3 b6
28. Bc6 Re7 29. Rd2 Nc5 30. Rcd1 Rxd2 31. Qxd2 Ra7 32. Nd6 h6 33. Ne8 Be7 34.
Qd4 e5 35. Qg4 Ne6 36. h4 Kh8 37. Qf5 Bf8 38. h5 Ng5 39. Kg2 e4 40. Rd5 Re7 41.
Nd6 e3 42. fxe3 Rxe3 43. Qf4 Bxd6 44. Qxe3 Kh7 45. Qd3+ 1-0

[Event "Campeonato Brasileiro Amador 2015"]
[Site "Esporte Clube Pinheiros, SÃ£o P"]
[Date "2015.05.02"]
[Round "4.11"]
[White "Dos Reis, Leandro Aparecido C"]
[Black "Souza Dos Santos, Matheus Garcett"]
[Result "1-0"]
[WhiteElo "1940"]
[BlackElo "2058"]
[PlyCount "80"]
[EventDate "2015.04.30"]

1. d4 Nf6 2. c4 c5 3. d5 e6 4. Nc3 exd5 5. cxd5 d6 6. Bf4 a6 7. a4 g6 8. Nf3
Nbd7 9. e3 Qc7 10. Be2 Bg7 11. O-O O-O 12. h3 Re8 13. Nd2 Ne5 14. a5 Nfd7 15.
Bg3 f5 16. Qc2 b5 17. axb6 Nxb6 18. Nb3 Bb7 19. Na5 Bxd5 20. Nxd5 Nxd5 21. Bxe5
Rxe5 22. f4 Rxe3 23. Bc4 Qf7 24. Rfd1 Bd4 25. Kh1 Rb8 26. Nc6 Rxb2 27. Nxd4
Rxc2 28. Nxc2 Qe7 29. Bxd5+ Kg7 30. Nxe3 Qxe3 31. Rxa6 Qxf4 32. Bf3 c4 33.
Rdxd6 c3 34. Rac6 Qc1+ 35. Rd1 Qe3 36. Rd7+ Kh6 37. Rdc7 (37. Rcc7 Kg5 38. Rc4
h5 39. h4+ Kh6 40. Kh2 c2 41. Rcc7 Qe5+ 42. g3 Qh8 43. Rxc2 f4 44. gxf4 Qf6 45.
Kg3 Qe6 46. Rcc7) 37... Kg5 38. Rc4 h5 39. h4+ Kh6 40. Kh2 c2 1-0

[Event "Campeonato Brasileiro Amador 2015"]
[Site "Esporte Clube Pinheiros, SÃ£o P"]
[Date "2015.05.02"]
[Round "4.12"]
[White "Viaro Baccarin, Natalia"]
[Black "Pomar, Marcelo Nascimento"]
[Result "0-1"]
[WhiteElo "1940"]
[BlackElo "2024"]
[PlyCount "78"]
[EventDate "2015.04.30"]

1. e4 e5 2. Nf3 Nc6 3. Bb5 a6 4. Ba4 Nf6 5. Qe2 Bd6 6. c3 O-O 7. O-O Re8 8. d3
h6 9. Nbd2 Bf8 10. Rd1 d6 11. Nf1 Bd7 12. Ng3 g6 13. h3 Bg7 14. Be3 d5 15. Qd2
Kh7 16. Bb3 Be6 17. Bc5 Qd7 18. Qe2 b6 19. Ba3 d4 20. Bxe6 Rxe6 21. c4 Bf8 22.
Bxf8 Rxf8 23. Nh2 Ne8 24. h4 f5 25. h5 f4 26. hxg6+ Rxg6 27. Nf5 Rfg8 28. Qh5
Ng7 29. Qh3 Nxf5 30. exf5 Rxg2+ 31. Qxg2 Rxg2+ 32. Kxg2 Qxf5 33. Kh1 Nb4 34.
Rg1 Nxd3 35. Raf1 e4 36. Rg2 e3 37. fxe3 dxe3 38. Ng4 f3 39. Rg3 e2 0-1

[Event "Campeonato Brasileiro Amador 2015"]
[Site "Esporte Clube Pinheiros, SÃ£o P"]
[Date "2015.05.02"]
[Round "4.13"]
[White "Carstens Dobuchak, Thiago"]
[Black "Sa, Antonio Villar Marqu"]
[Result "1-0"]
[WhiteElo "2014"]
[BlackElo "1938"]
[PlyCount "47"]
[EventDate "2015.04.30"]

1. e4 e5 2. Nf3 Nc6 3. d4 exd4 4. Nxd4 Bc5 5. Nb3 Bb6 6. Nc3 d6 7. Qe2 Nf6 8.
f3 Be6 9. Be3 Bxe3 10. Qxe3 Qe7 11. O-O-O O-O-O 12. Bb5 Kb8 13. Bxc6 bxc6 14.
Na5 Qe8 15. Qd3 Bc8 16. Qc4 c5 17. Nd5 Rd7 18. Qb5+ Ka8 19. Qc6+ Kb8 20. Nxf6
gxf6 21. Rd3 a6 22. Rb3+ Ka7 23. Rb7+ Bxb7 24. Qxb7# 1-0

[Event "Campeonato Brasileiro Amador 2015"]
[Site "Esporte Clube Pinheiros, SÃ£o P"]
[Date "2015.05.02"]
[Round "4.14"]
[White "Pires Da Silva, Saulo De Tarso"]
[Black "Lopes, Marcelo Ferreira"]
[Result "1/2-1/2"]
[WhiteElo "1925"]
[BlackElo "2004"]
[PlyCount "65"]
[EventDate "2015.04.30"]

1. d4 Nf6 2. c4 e6 3. g3 d5 4. Bg2 Be7 5. Nf3 O-O 6. O-O c6 7. Nc3 Nbd7 8. b3
b6 9. cxd5 cxd5 10. Bf4 Ba6 11. a3 Rc8 12. Qd2 Nh5 13. Be3 Qc7 14. Rfc1 Qb8 15.
Qb2 Bd6 16. b4 Bc4 17. b5 Nhf6 18. Nd2 Ng4 19. Nxc4 Rxc4 20. Nd1 Rfc8 21. Bd2
R8c7 22. Bc3 Rc8 23. e3 Ngf6 24. Bf1 R4c7 25. Bd3 Ne8 26. Rc2 Bf8 27. Rac1 Ndf6
28. f3 Nd6 29. Qb3 Nc4 30. Bb4 Bxb4 31. Qxb4 Na5 32. Nc3 Nc4 33. Nd1 1/2-1/2

[Event "Campeonato Brasileiro Amador 2015"]
[Site "Esporte Clube Pinheiros, SÃ£o P"]
[Date "2015.05.02"]
[Round "4.15"]
[White "Miquelin, Nicolas Seoane"]
[Black "Rapouso, Ricardo Luis Borba"]
[Result "0-1"]
[WhiteElo "2000"]
[BlackElo "1936"]
[PlyCount "116"]
[EventDate "2015.04.30"]

1. Nf3 d5 2. d4 c6 3. c4 e6 4. Nc3 dxc4 5. e4 b5 6. a4 Bb4 7. Be2 Nf6 8. Qc2
Bb7 9. O-O a6 10. Bg5 h6 11. Bh4 g5 12. Bg3 g4 13. Ne5 Qxd4 14. Nxg4 Nxg4 15.
Bxg4 h5 16. Rfd1 Qf6 17. Qd2 Be7 18. Bf3 e5 19. h4 b4 20. Na2 a5 21. Rac1 Qe6
22. Be2 c3 23. bxc3 b3 24. Rb1 Na6 25. Bc4 Qxc4 26. Qd7+ Kf8 27. Qxb7 Rb8 28.
Qa7 Bc5 29. Qd7 Qxe4 30. Rxb3 Rxb3 31. Qd8+ Kg7 32. Qg5+ Qg6 33. Bxe5+ Kh7 34.
Qxg6+ Kxg6 35. Bxh8 Rb2 36. Nc1 Bxf2+ 37. Kh2 Rb1 38. Rd6+ Kh7 39. Rxc6 Rxc1
40. Rxa6 Kxh8 41. Rxa5 Bg1+ 42. Kh3 Rxc3+ 43. g3 Rc5 44. Ra8+ Kg7 45. Kg2 Rc1
46. a5 Ra1 47. a6 Bb6 48. Kf3 Ra4 49. Re8 Rxa6 50. Re5 Ra5 51. Re4 Ra3+ 52. Kf4
Kg6 53. Rc4 Bf2 54. g4 Bg3+ 55. Ke4 hxg4 56. Rc6+ f6 57. h5+ Kg5 58. Rc5+ Be5
0-1